000 00807 a2200229 4500
001 200129769
003 TR-AnTOB
005 20251030140910.0
008 130625s2012 tu 000 0
040 _aTR-AnTOB
_c150564
041 _atur
050 0 _aKKX471
_b.Y37 2012
090 _aKKX471 .Y37 2012
245 0 0 _aYargı reformu strateji taslağı :
_b(Amaç ve hedefler) /
_cAdalet Bakanlığı Strateji Geliştirme Başkanlığı.
264 1 _aAnkara :
_bAdalet Bakanlığı Strateji Geliştirme Başkanlığı,
_c2012.
300 _a35 p :
_bill. ;
_c24 cm.
650 0 _aDemokratikleşme
_zTürkiye
_928610
650 7 _aHukuk reformu
_zTürkiye
_xTarih
_2etuturkob
_97806
710 1 _aTürkiye.
_bAdalet Bakanlığı
_bStrateji Geliştirme Başkanlığı
_990621
942 _cBK
_2lcc
999 _c200129769
_d31309